00465nam a22001457a 4500003000400000008004100004082001600045100002700061245013400088260004400222310000900266502001500275650002000290650000900310OSt260416b |||||||| |||| 00| 0 eng d a581.2bC35E aChaudhari, Pawan Kumar aEvaluation of Homoeopathic Drugs Against Drechslera oryzae (Breda de Haan) Subhramanian and jain, Causing Brown Leaf Spot of Rice aPusa, SamastipurbRAU, Samastipurc2004 a49P. bMsc.d2004 aPlant Pathology aMsc.